The Scarlet letter
Guardat en:
| Autor principal: | |
|---|---|
| Format: | Llibre |
| Idioma: | anglès |
| Publicat: |
Harmondsworth
Penguin Books
1983
|
| Col·lecció: | The Penguin English Library
|
| Matèries: | |
| Etiquetes: |
Afegir etiqueta
Sense etiquetes, Sigues el primer a etiquetar aquest registre!
|
MARC
| LEADER | 00000nam a2200000 a 4500 | ||
|---|---|---|---|
| 001 | UCR3800 | ||
| 003 | CL-VaPUC | ||
| 008 | 980130e19830000uk |||||||||||||||||eng|d | ||
| 082 | 0 | 4 | |a 813 |b HAW |2 21 |
| 100 | 0 | |a Hawthorne, Nathaniel |e author |9 371935 | |
| 245 | 1 | 4 | |a The Scarlet letter |
| 246 | 1 | 3 | |a An selected tales |
| 300 | |a 378 p | ||
| 942 | |c BK | ||
| 945 | |d 19980130 00:00:00 |a aolguin | ||
| 260 | |a Harmondsworth |b Penguin Books |c 1983 | ||
| 650 | 0 | |a Novelas estadounidenses |9 265217 | |
| 650 | 0 | |a Cuentos estadounidenses |9 265133 | |
| 650 | 7 | |a LITERATURA NORTEAMERICANA |2 CL-VaPUC |9 403087 | |
| 583 | |a last modification |c 20171204 04:03:05 |k Rodrigo Vera | ||
| 490 | 0 | |a The Penguin English Library | |
| 999 | |c 266823 |d 266821 | ||
| 952 | |0 0 |1 0 |4 0 |6 813_000000000000000_HAW_1983 |7 0 |8 R |9 298814 |a BIBEDU |b BIBEDU |c MCIRC |d 2019-11-20 |i 1944746 |o 813 HAW 1983 |p 1944746 |r 2023-01-13 |w 2019-11-20 |y BK_R |k LIT | ||
| 952 | |0 0 |1 0 |4 0 |6 813_000000000000000_HAW_1983 |7 0 |8 R |9 298815 |a BIBEDU |b BIBEDU |c MCIRC |d 2019-11-20 |i 194469K |o 813 HAW 1983 |p 194469K |r 2023-01-13 |w 2019-11-20 |y BK_R |k LIT | ||